LEADER 01262nam a2200313 i 4500 001 000000186256 003 CaOOAMICUS 005 20160519000000.0 008 160519s2002 it u000 u ita u 013 $a164303 020 $a88-06-16196-2 040 $aSeMil$bita 100 1 $aRoloff, Jürgen <1930->.$0(OLS)http://semarc/name/15842 240 10$aJesus.$0(OLS)http://semarc/title/57081 245 10$aGesł /$cJürgen Roloff ; Traduzione di Paola Massardi. 260 $aTorino :$bEinaudi,$c2002. 300 $aVIII, 132 p. ;$c20 cm. 490 0 $aEinaudi tascabili ;$v1038 490 0 $aEinaudi Tascabili. Religioni 650 4$aGesł Cristo - Gesł storico.$0(OLS)http://semarc/subject/742 700 1 $aMassardi, Paola.$0(OLS)http://semarc/name/68422 830 0$aEinaudi tascabili ;$v1038.$0(OLS)http://semarc/title/8126 830 0$aEinaudi tascabili. Religioni.$0(OLS)http://semarc/title/44923 850 $aSeMil 852 $aSeMil$W1$xVenegono$y1$m2Y I 203$j136943$B136943$CSeMilBibl$Z2$F211752 $81 961 $aLascito: Orsenigo don Elia 996 $6020$a88-06-16196-2$9(OLS)http://semarc/number/176512 996 $6245$aGesł$9(OLS)http://semarc/title/64786 996 $6260$aTorino :$bEinaudi$9(OLS)http://semarc/publisher/29884 LEADER 00528naa a2200145 i 4500 001 000000302493 003 CaOOAMICUS 005 20180831172742.0 008 180831n xx u000 u und u 013 $a10227 040 $aSeMil$bita 100 1 $aLunghi, Marco.$0(OLS)http://semarc/name/32157 245 10$aSenso di una rivalutazione. 773 0 $tWilhelm Schmidt.$dBologna : EDB, copyr. 1989.$kScienze religiose / Istituto trentino di cultura$z88-10-40364-9$w()36291 996 $6245$aSenso di una rivalutazione$9(OLS)http://semarc/title/378472